000 00836nam a22002415i 4500
001 167872
003 ES-MaACL
005 20230906213620.0
008 021122s1897 fr |||| | fre d
040 _aCCPB | B
_bspa
_cCCPB | B
100 1 _aWebb, Sidney.
_9116243
245 1 4 _aThe histoire du trade unionisme /
_cpar Sidney and Beatrice Webb ; traduit par Albert Métin.
260 _aParis :
_bV. Giard & E. Brière, libraires-éditeurs,
_c1897.
300 _aIV, 613 p. ;
_c22 cm.
490 1 _aBibliothèque socialiste internationale ;
_v1
650 0 4 _aSindicatos.
_917116
700 0 _aWebb, Beatrice.
_9116235
700 0 _aMétin, Albert.
_980729
830 0 _aBibliothèque socialiste internationale ;
_v1
_9188193
852 _aES-MaACL
_jF-9930
_z-- Enc. hol.
999 _c167872
_d167872